000 00301nam a2200121Ia 4500
008 240624s9999 xx 000 0 und d
041 _aeng
082 _a650.144 BRI
100 _aBRIZ BROOKS
245 _aGETTING A SOCIAL MEDIA JOB FOR DUMMIES
260 _c2015
_aNew Delhi
_bWiley
365 _cRS
_b33
999 _c26467
_d26467